El futuro de la organización institucional de Bogotá. (Registro nro. 7507)

Detalles MARC
000 -LEADER
fixed length control field 01927cam a22002774a 4500
001 - CONTROL NUMBER
control field 15901771
003 - CONTROL NUMBER IDENTIFIER
control field OSt
005 - DATE AND TIME OF LATEST TRANSACTION
control field 20210309141144.0
008 - FIXED-LENGTH DATA ELEMENTS--GENERAL INFORMATION
fixed length control field 090910s2006 ck b i000 0 spa
010 ## - LIBRARY OF CONGRESS CONTROL NUMBER
LC control number 2009480604
020 ## - INTERNATIONAL STANDARD BOOK NUMBER
International Standard Book Number 9589771327
040 ## - CATALOGING SOURCE
Original cataloging agency DLC
Transcribing agency CO-JMCR
043 ## - GEOGRAPHIC AREA CODE
Geographic area code s-ck---
050 00 - LIBRARY OF CONGRESS CALL NUMBER
Classification number JS2520.B6
Item number F88 2006
082 04 - DEWEY DECIMAL CLASSIFICATION NUMBER
Classification number 320.986148 /
Item number A346f
Edition number 23
110 2# - MAIN ENTRY--CORPORATE NAME
Corporate name or jurisdiction name as entry element Colombia. Alcaldía Mayor de Bogotá
9 (RLIN) 2890
245 03 - TITLE STATEMENT
Title El futuro de la organización institucional de Bogotá.
Statement of responsibility, etc. Alcaldía Mayor de Bogotá
260 ## - PUBLICATION, DISTRIBUTION, ETC.
Place of publication, distribution, etc. Bogotá :
Name of publisher, distributor, etc. El Malpensante,
Date of publication, distribution, etc. [2006]
300 ## - PHYSICAL DESCRIPTION
Extent 170 páginas :
Other physical details ilustraciones y graficas a blanco y negro ;
Dimensions 21 cm.
490 0# - SERIES STATEMENT
Series statement Cuadernos del Informe de Desarrollo Humano para Bogotá ;
Volume/sequential designation no. 2
504 ## - BIBLIOGRAPHY, ETC. NOTE
Bibliography, etc. note Incluye referencias bibliográficas.
505 0# - FORMATTED CONTENTS NOTE
Title Descentralización para construir gobernabilidad y democracia desde lo local /
Statement of responsibility Juan Manuel Ospina Restrepo --
Title Cinco desafíos de la organización institucional en Bogotá /
Statement of responsibility Hernando Gómez Buendía --
Title Implicaciones de la propuesta de reforma administrativa y descentralización presentada por la Administración del alcalde mayor Luis Eduardo Garzón para la estructura de la ciudad de Bogotá, con énfasis en los posibles escenarios que podrían presentarse como resultado de la visión propuesta de descentralización local /
Statement of responsibility Raúl Velásquez --
Title Bogotá y retos del nuevo milenio /
Statement of responsibility David Luna --
Title Bogotá: reforma administrativa y participación ciudadana /
Statement of responsibility Esperanza González,
-- Fabio E. Velásquez --
Title Bogotá y la sabana deben ser ciudad-región /
Statement of responsibility Jaime Castro --
Title Una administración moderna para una ciudad humana /
Statement of responsibility Enrique Borda Villegas --
Title La descentralización en la reforma administrativa de Bogotá /
Statement of responsibility Paul Bromberg
650 14 - SUBJECT ADDED ENTRY--TOPICAL TERM
Topical term or geographic name entry element Cambio organizacional
Geographic subdivision Colombia
-- Bogota.
9 (RLIN) 14606
650 24 - SUBJECT ADDED ENTRY--TOPICAL TERM
Topical term or geographic name entry element Descentralización en el gobierno
Geographic subdivision Colombia
-- Bogota.
9 (RLIN) 14607
942 ## - ADDED ENTRY ELEMENTS (KOHA)
Source of classification or shelving scheme Dewey Decimal Classification
Koha item type Books
Existencias
Withdrawn status Lost status Source of classification or shelving scheme Damaged status Not for loan Home library Current library Shelving location Date acquired Source of acquisition Total Checkouts Full call number Barcode Date last seen Copy number Price effective from Koha item type
    Dewey Decimal Classification     Biblioteca Pública José María del Castillo y Rada Biblioteca Pública José María del Castillo y Rada General Stacks   Donación   320.986148 / A346f 201810744 05/16/2024 Ej.1   Books